Normal view
MARC view
- Diana Ridley
Entry Personal Name
001 - CONTROL NUMBER
- control field: 4004
003 - CONTROL NUMBER IDENTIFIER
- control field: NUST
005 - DATE AND TIME OF LATEST TRANSACTION
- control field: 20170823121351.0
008 - FIXED-LENGTH DATA ELEMENTS
- fixed length control field: 170823|| aca||aabn | a|a d
040 ## - CATALOGING SOURCE
- Original cataloging agency: NUST
- Transcribing agency: NUST
100 ## - HEADING--PERSONAL NAME
- Personal name: Diana Ridley
670 ## - SOURCE DATA FOUND
- Source citation: Work cat.: (NUST)0: Ridley, Diana 4002, The literature review : a step by step guide for students, 2012
